000 00622nam a2200205 i 4500
001 145526
003 ES-MaACL
005 20230906201242.0
007 t|
008 071015s1970 sp ||||1| spa d
100 1 _aVening Meinesz, Felix Andries.
_9113891
245 1 3 _aLa corteza y el manto terrestres /
_cF. A. Vening Meinesz ; versión de Antonio Almela.
250 _a[1ª ed.].
260 _aMadrid :
_bAlhambra,
_c[1970]
300 _aX, 158 p. :
_bil. ;
_c20 cm.
650 4 _aTierra (Planeta)
_9178412
700 1 _aAlmela, Antonio.
_920127
852 _aES-MaACL
_jC-39277
_bR.72101
999 _c145526
_d145526